<?xml version="1.0" encoding="UTF-8"?>
<record
    xmlns:xsi="http://www.w3.org/2001/XMLSchema-instance"
    xsi:schemaLocation="http://www.loc.gov/MARC21/slim http://www.loc.gov/standards/marcxml/schema/MARC21slim.xsd"
    xmlns="http://www.loc.gov/MARC21/slim">

  <leader>00606nam a22001817a 4500</leader>
  <controlfield tag="003">NUST-PNEC</controlfield>
  <controlfield tag="005">20170116180715.0</controlfield>
  <controlfield tag="008">141018b        xxu||||| |||| 00| 0 eng d</controlfield>
  <datafield tag="020" ind1=" " ind2=" ">
    <subfield code="a">0407016104</subfield>
  </datafield>
  <datafield tag="040" ind1=" " ind2=" ">
    <subfield code="c">PNEC</subfield>
  </datafield>
  <datafield tag="082" ind1=" " ind2=" ">
    <subfield code="a">551.4601 CRO</subfield>
  </datafield>
  <datafield tag="100" ind1=" " ind2=" ">
    <subfield code="9">684</subfield>
    <subfield code="a">Crompton T R</subfield>
  </datafield>
  <datafield tag="245" ind1=" " ind2=" ">
    <subfield code="a">Analysis of seawater</subfield>
    <subfield code="c">T R Crompton</subfield>
  </datafield>
  <datafield tag="260" ind1=" " ind2=" ">
    <subfield code="a">London [England] ; </subfield>
    <subfield code="b">Boston : Butterworths, </subfield>
    <subfield code="c">c.1989.</subfield>
  </datafield>
  <datafield tag="300" ind1=" " ind2=" ">
    <subfield code="a">423 p. :</subfield>
    <subfield code="b">ill. :</subfield>
    <subfield code="c">24 cm.</subfield>
  </datafield>
  <datafield tag="500" ind1=" " ind2=" ">
    <subfield code="a">http://www.amazon.com/Analysis-Seawater-T-R-Crompton/dp/0407016104/ref=sr_1_1?s=books&amp;ie=UTF8&amp;qid=1413626978&amp;sr=1-1&amp;keywords=0407016104</subfield>
  </datafield>
  <datafield tag="942" ind1=" " ind2=" ">
    <subfield code="2">ddc</subfield>
    <subfield code="c">BK</subfield>
  </datafield>
  <datafield tag="999" ind1=" " ind2=" ">
    <subfield code="c">61146</subfield>
    <subfield code="d">61146</subfield>
  </datafield>
  <datafield tag="952" ind1=" " ind2=" ">
    <subfield code="0">0</subfield>
    <subfield code="1">0</subfield>
    <subfield code="2">ddc</subfield>
    <subfield code="4">0</subfield>
    <subfield code="7">0</subfield>
    <subfield code="a">PNEC</subfield>
    <subfield code="b">PNEC</subfield>
    <subfield code="c">REF</subfield>
    <subfield code="d">1991-11-24</subfield>
    <subfield code="e">Paramount Publishing Enterprise</subfield>
    <subfield code="g">3285.00</subfield>
    <subfield code="l">0</subfield>
    <subfield code="o">551.4601 CRO</subfield>
    <subfield code="p">PNECLIB-015882</subfield>
    <subfield code="r">2014-10-18</subfield>
    <subfield code="v">3285.00</subfield>
    <subfield code="w">1991-11-24</subfield>
    <subfield code="y">BK</subfield>
  </datafield>
</record>
